[Event "Oakham Young Masters"]
[Site "Oakham"]
[Date "1984.04.15"]
[Round "8.14"]
[White "Thomson, Craig SM"]
[Black "Staniszewski, Piotr"]
[Result "1/2-1/2"]
[WhiteElo "2215"]
[BlackElo "2405"]
[PlyCount "42"]
[EventDate "1984.04.08"]
[EventType "swiss"]
[EventRounds "9"]
[EventCountry "ENG"]
[SourceTitle "BritBase"]
[Source "John Saunders"]
[SourceDate "2023.08.08"]
[SourceVersion "1"]
[SourceVersionDate "2023.08.08"]
[SourceQuality "1"]

1. Nf3 Nf6 2. c4 c5 3. Nc3 e6 4. g3 b6 5. Bg2 Bb7 6. O-O Be7 7. Re1 d5 8. cxd5
exd5 9. d4 O-O 10. Bf4 Na6 11. Qc2 h6 12. Rad1 Qc8 13. Nh4 Rd8 14. Nf5 Bf8 15.
Be5 Qe6 16. Bh3 Qc6 17. Qc1 Nc7 18. Qf4 Nce8 19. Bg2 Qe6 20. Bh3 Qc6 21. Bg2
Qe6 {source: bulletin} 1/2-1/2

[Event "Oakham Young Masters"]
[Site "Oakham"]
[Date "1984.04.15"]
[Round "8.15"]
[White "Grivas, Efstratios"]
[Black "Luce, Sebastien"]
[Result "1/2-1/2"]
[WhiteElo "2375"]
[BlackElo "2330"]
[PlyCount "141"]
[EventDate "1984.04.08"]
[EventType "swiss"]
[EventRounds "9"]
[EventCountry "ENG"]
[SourceTitle "BritBase"]
[Source "John Saunders"]
[SourceDate "2023.08.08"]
[SourceVersion "1"]
[SourceVersionDate "2023.08.08"]
[SourceQuality "1"]

1. d4 Nf6 2. c4 e6 3. Nc3 Bb4 4. Bg5 h6 5. Bh4 c5 6. Rc1 cxd4 7. Qxd4 Nc6 8.
Bxf6 gxf6 9. Qd2 f5 10. a3 Be7 11. Nf3 Qa5 12. g3 b6 13. Bg2 Bb7 14. O-O a6 15.
Rfd1 Rd8 16. b4 Qxa3 17. b5 Na5 18. Qd4 O-O 19. Qxb6 Bxf3 20. Bxf3 Nxc4 21.
Qxa6 d5 22. Qxa3 Bxa3 23. Rb1 Nb6 24. Rb3 Be7 25. Ra1 Bc5 26. Ra6 Ra8 27. e3
Rfc8 28. Be2 Kg7 29. Nd1 Kf6 30. Nb2 Rab8 31. Nd3 Bd6 32. Ra7 Ra8 33. Ra6 Rab8
34. Bh5 Rb7 35. h4 Rcb8 36. Be2 Rc8 37. Bh5 Rcb8 38. Be2 Rc8 39. Nb4 Bxb4 40.
Rxb4 Nc4 41. Bxc4 dxc4 42. Rc6 Rcb8 43. b6 c3 44. Kg2 c2 45. Rxc2 Rxb6 46. Rxb6
Rxb6 47. Rc8 Rb2 48. Kf3 Ra2 49. Rc4 Rb2 50. e4 fxe4+ 51. Rxe4 Ra2 52. Rg4 Ra3+
53. Kg2 e5 54. Rg8 Rb3 55. g4 Rb4 56. h5 Ra4 57. f3 Rb4 58. Kg3 Ra4 59. Rh8 Kg7
60. Rc8 Ra3 61. Re8 Kf6 62. Kf2 Ra2+ 63. Ke3 Ra3+ 64. Ke4 Ra4+ 65. Ke3 Ra3+ 66.
Ke4 Ra4+ 67. Ke3 Ra3+ 68. Kf2 Ra2+ 69. Kg3 Ra3 70. Kf2 Ra2+ 71. Ke3 {source:
bulletin} 1/2-1/2

[Event "Oakham Young Masters"]
[Site "Oakham"]
[Date "1984.04.15"]
[Round "8.16"]
[White "Bradbury, Neil H"]
[Black "Condie, Mark L"]
[Result "0-1"]
[WhiteElo "2395"]
[BlackElo "2340"]
[PlyCount "102"]
[EventDate "1984.04.08"]
[EventType "swiss"]
[EventRounds "9"]
[EventCountry "ENG"]
[SourceTitle "BritBase"]
[Source "John Saunders"]
[SourceDate "2023.08.08"]
[SourceVersion "1"]
[SourceVersionDate "2023.08.08"]
[SourceQuality "1"]

1. d4 Nf6 2. Nf3 d5 3. c4 e6 4. Nc3 Be7 5. Bg5 O-O 6. e3 Nbd7 7. Qc2 c5 8. Rd1
cxd4 9. exd4 dxc4 10. Bxc4 Nb6 11. Bb3 Bd7 12. O-O Bc6 13. Ne5 Nfd7 14. Bc1
Nxe5 15. dxe5 Qc7 16. Qe2 Rad8 17. Nb5 Qb8 18. Bf4 Rxd1 19. Rxd1 Rd8 20. Nd6
Bd5 21. Bxd5 Nxd5 22. Bg3 Bxd6 23. exd6 Qc8 24. Qd2 Qd7 25. Rc1 Rc8 26. h3
Rxc1+ 27. Qxc1 f6 28. Qc5 Nb6 29. b3 g6 30. f3 Kf7 31. a4 Qc6 32. Qxc6 bxc6 33.
Bf2 Ke8 34. Bc5 Nc8 35. Kf2 Kd7 36. Ke3 a6 37. g4 Nxd6 38. Ba3 e5 39. Kd3 Ke6
40. Kc3 Kd5 41. Kd3 f5 42. Bb4 Nb7 43. gxf5 gxf5 44. Be1 f4 45. Bh4 Nc5+ 46.
Kc3 Ne6 47. Kb4 Nd4 48. Ka5 Nxf3 49. Bf2 e4 50. Kxa6 e3 51. Be1 Nxe1 {source:
bulletin} 0-1

[Event "Oakham Young Masters"]
[Site "Oakham"]
[Date "1984.04.15"]
[Round "8.17"]
[White "Wong, Meng Kong"]
[Black "Ebeling, Mika"]
[Result "0-1"]
[WhiteElo "2365"]
[BlackElo "2295"]
[PlyCount "104"]
[EventDate "1984.04.08"]
[EventType "swiss"]
[EventRounds "9"]
[EventCountry "ENG"]
[SourceTitle "BritBase"]
[Source "John Saunders"]
[SourceDate "2023.08.08"]
[SourceVersion "1"]
[SourceVersionDate "2023.08.08"]
[SourceQuality "1"]

1. c4 e5 2. Nc3 Nf6 3. g3 c6 4. d4 exd4 5. Qxd4 d5 6. Bg2 Be6 7. cxd5 cxd5 8.
Nf3 Nc6 9. Qa4 Be7 10. O-O O-O 11. Bf4 a6 12. Ne5 Qb6 13. Nxc6 bxc6 14. Qc2
Rac8 15. e4 d4 16. Na4 Qa7 17. b3 c5 18. Nb2 Rfd8 19. Rfd1 Nd7 20. Rac1 Nb6 21.
Bf1 a5 22. Bb5 a4 23. Nxa4 Nxa4 24. Bxa4 c4 25. bxc4 Rxc4 26. Qxc4 Bxc4 27.
Rxc4 Bc5 28. Kg2 Bb6 29. Bg5 f6 30. Bb3 Kh8 31. Bc1 Qa8 32. f3 Rc8 33. Rxc8+
Qxc8 34. Bb2 Qd7 35. Rd2 h5 36. f4 g5 37. fxg5 Qg4 38. Bd5 Qxg5 39. Rf2 Kg7 40.
a4 h4 41. Ba3 Qg4 42. Bf8+ Kh8 43. h3 Qxg3+ 44. Kf1 d3 45. Bg7+ Qxg7 46. Rg2
Qc7 47. Rg8+ Kh7 48. Kg2 Qc2+ 49. Kf3 Qf2+ 50. Kg4 Qg3+ 51. Kh5 Qxg8 52. Bxg8+
Kxg8 {source: bulletin} 0-1

[Event "Oakham Young Masters"]
[Site "Oakham"]
[Date "1984.04.15"]
[Round "8.19"]
[White "Gil Gonzalez, Jose Manuel"]
[Black "Lalic, Susan Kathryn"]
[Result "1-0"]
[WhiteElo "2300"]
[BlackElo "1900"]
[PlyCount "67"]
[EventDate "1984.04.08"]
[EventType "swiss"]
[EventRounds "9"]
[EventCountry "ENG"]
[SourceTitle "BritBase"]
[Source "John Saunders"]
[SourceDate "2023.08.08"]
[SourceVersion "1"]
[SourceVersionDate "2023.08.08"]
[SourceQuality "1"]

1. e4 c5 2. Nf3 e6 3. b3 d5 4. e5 Nc6 5. g3 Qc7 6. Bb2 Bd7 7. Bg2 h5 8. O-O Be7
9. d4 cxd4 10. Nxd4 Nxe5 11. Qe2 Ng6 12. c4 dxc4 13. Na3 Nf6 14. Nxc4 Rd8 15.
Rac1 Qb8 16. f4 O-O 17. f5 exf5 18. Nxf5 Rfe8 19. Nxe7+ Rxe7 20. Qf2 b5 21.
Bxf6 gxf6 22. Ne3 Be6 23. Rc5 h4 24. gxh4 Red7 25. h5 Rd2 26. Qxf6 Rxg2+ 27.
Nxg2 Qb6 28. h4 Bc4 29. hxg6 Qxf6 30. Rxf6 Rd1+ 31. Ne1 Rxe1+ 32. Kg2 Kg7 33.
gxf7 Bxf7 34. Ra6 {source: bulletin} 1-0

[Event "Oakham Young Masters"]
[Site "Oakham"]
[Date "1984.04.15"]
[Round "8.20"]
[White "Needham, Teresa M"]
[Black "Ardaman, Miles"]
[Result "0-1"]
[WhiteElo "2100"]
[BlackElo "2240"]
[PlyCount "62"]
[EventDate "1984.04.08"]
[EventType "swiss"]
[EventRounds "9"]
[EventCountry "ENG"]
[SourceTitle "BritBase"]
[Source "John Saunders"]
[SourceDate "2023.08.08"]
[SourceVersion "1"]
[SourceVersionDate "2023.08.08"]
[SourceQuality "1"]

1. e4 g6 2. d4 Bg7 3. Nc3 d6 4. f4 Nf6 5. Nf3 c5 6. d5 O-O 7. Be2 Na6 8. O-O
Nc7 9. Be3 b5 10. e5 Ng4 11. Bf2 Nxf2 12. Rxf2 b4 13. Ne4 Bf5 14. Ng3 Bg4 15.
Ne4 dxe5 16. Nxe5 Bxe2 17. Qxe2 Bxe5 18. fxe5 Qxd5 19. Ng3 Rad8 20. a3 a5 21.
axb4 axb4 22. Rf4 Ne6 23. Rc4 Nd4 24. Qf1 Qxe5 25. Re1 Qc7 26. Ne4 Rd5 27. Qf2
Ne6 28. Nd2 Rfd8 29. Nb3 Qd6 30. g3 Ng5 31. Qe3 Re5 {source: bulletin} 0-1

[Event "Oakham Young Masters"]
[Site "Oakham"]
[Date "1984.04.17"]
[Round "9.1"]
[White "Stohl, Igor"]
[Black "Murshed, Niaz"]
[Result "1/2-1/2"]
[WhiteElo "2405"]
[BlackElo "2410"]
[PlyCount "31"]
[EventDate "1984.04.08"]
[EventType "swiss"]
[EventRounds "9"]
[EventCountry "ENG"]
[SourceTitle "BritBase"]
[Source "John Saunders"]
[SourceDate "2023.08.08"]
[SourceVersion "1"]
[SourceVersionDate "2023.08.08"]
[SourceQuality "1"]

1. c4 Nf6 2. Nc3 e6 3. e4 e5 4. Nge2 Nc6 5. g3 Bc5 6. Bg2 a5 7. d3 Ng4 8. O-O
h5 9. h3 Nh6 10. Nd5 h4 11. g4 d6 12. Be3 Nd4 13. f4 c6 14. Ndc3 f6 15. Bf2 Nf7
16. b3 {source: bulletin} 1/2-1/2

[Event "Oakham Young Masters"]
[Site "Oakham"]
[Date "1984.04.17"]
[Round "9.2"]
[White "Horvath, Jozsef"]
[Black "Dlugy, Maxim"]
[Result "1/2-1/2"]
[WhiteElo "2370"]
[BlackElo "2460"]
[PlyCount "57"]
[EventDate "1984.04.08"]
[EventType "swiss"]
[EventRounds "9"]
[EventCountry "ENG"]
[SourceTitle "BritBase"]
[Source "John Saunders"]
[SourceDate "2023.08.08"]
[SourceVersion "1"]
[SourceVersionDate "2023.08.08"]
[SourceQuality "1"]

1. e4 c5 2. Nf3 Nc6 3. d4 cxd4 4. Nxd4 Nf6 5. Nc3 d6 6. Bg5 e6 7. Qd2 a6 8.
O-O-O h6 9. Bf4 Bd7 10. Nxc6 Bxc6 11. f3 Qa5 12. Bxd6 Rd8 13. Qf4 Bxd6 14. Rxd6
O-O 15. Rxd8 Rxd8 16. Bd3 b5 17. a3 Qb6 18. Re1 a5 19. Qe3 Qb8 20. e5 Nd7 21.
b4 axb4 22. axb4 Nb6 23. Qc5 Rc8 24. Kb2 Qb7 25. Qd6 Be8 26. Ra1 Rc6 27. Qd8
Rc8 28. Qd6 Rc6 29. Qd8 {source: bulletin} 1/2-1/2

[Event "Oakham Young Masters"]
[Site "Oakham"]
[Date "1984.04.17"]
[Round "9.3"]
[White "Short, Nigel D"]
[Black "Georgiev, Kiril"]
[Result "1-0"]
[WhiteElo "2500"]
[BlackElo "2430"]
[PlyCount "107"]
[EventDate "1984.04.08"]
[EventType "swiss"]
[EventRounds "9"]
[EventCountry "ENG"]
[SourceTitle "BritBase"]
[Source "John Saunders"]
[SourceDate "2023.08.08"]
[SourceVersion "1"]
[SourceVersionDate "2023.08.08"]
[SourceQuality "1"]

1. e4 c5 2. Nf3 d6 3. d4 cxd4 4. Nxd4 Nf6 5. Nc3 g6 6. Be3 Bg7 7. f3 O-O 8. Qd2
Nc6 9. g4 Be6 10. O-O-O Nxd4 11. Bxd4 Qa5 12. a3 Rfc8 13. h4 Rab8 14. h5 b5 15.
h6 Bh8 16. Nd5 Qxd2+ 17. Rxd2 Nxd5 18. exd5 Bxd5 19. Bxh8 Bxf3 20. Rh3 Bxg4 21.
Rg3 Kxh8 22. Rxg4 f5 23. Rb4 Kg8 24. Bxb5 Kf7 25. Bc4+ Kf6 26. Rxb8 Rxb8 27.
Re2 e5 28. Rd2 Rd8 29. b4 g5 30. Kd1 g4 31. Ke2 f4 32. Bd5 Kf5 33. Bc6 e4 34.
Rd5+ Kf6 35. Rh5 Kg6 36. Ra5 Kxh6 37. Bxe4 Re8 38. Kd3 g3 39. Rd5 Re6 40. c4
Rg6 41. Bg2 Re6 42. Kd2 Kg6 43. c5 dxc5 44. bxc5 h5 45. Rd4 Kf5 46. c6 Re7 47.
Rd5+ Ke6 48. Rxh5 Rg7 49. Ke2 Kd6 50. Rh6+ Kc7 51. Kf3 Rf7 52. Rg6 Kb6 53. Kg4
a5 54. Rg5 {source: bulletin} 1-0

[Event "Oakham Young Masters"]
[Site "Oakham"]
[Date "1984.04.17"]
[Round "9.4"]
[White "Gallagher, Joseph G"]
[Black "Hodgson, Julian M"]
[Result "0-1"]
[WhiteElo "2260"]
[BlackElo "2440"]
[PlyCount "57"]
[EventDate "1984.04.08"]
[EventType "swiss"]
[EventRounds "9"]
[EventCountry "ENG"]
[SourceTitle "BritBase"]
[Source "John Saunders"]
[SourceDate "2023.08.08"]
[SourceVersion "1"]
[SourceVersionDate "2023.08.08"]
[SourceQuality "1"]

1. d4 d5 2. Nf3 c5 3. e3 Nf6 4. c4 e6 5. Nc3 a6 6. cxd5 exd5 7. dxc5 Bxc5 8.
Be2 Nc6 9. O-O O-O 10. b3 Re8 11. Bb2 Ba7 12. Na4 Ne4 13. Nd4 Qd6 14. Rc1 Bd7
15. Bg4 Bxg4 16. Qxg4 Ne5 17. Qe2 Qg6 18. Nc3 Bxd4 19. exd4 Nc6 20. Qd1 Nxc3
21. Rxc3 Re4 22. f3 Re6 23. Re1 Nxd4 24. Rxe6 Nxe6 25. Rd3 Rd8 26. Rd2 d4 27.
g3 d3 28. Qe1 Qg5 29. Qe5 {source: bulletin} 0-1

[Event "Oakham Young Masters"]
[Site "Oakham"]
[Date "1984.04.17"]
[Round "9.5"]
[White "D'Amore, Carlo"]
[Black "King, Daniel John"]
[Result "1-0"]
[WhiteElo "2310"]
[BlackElo "2435"]
[PlyCount "83"]
[EventDate "1984.04.08"]
[EventType "swiss"]
[EventRounds "9"]
[EventCountry "ENG"]
[SourceTitle "BritBase"]
[Source "John Saunders"]
[SourceDate "2023.08.08"]
[SourceVersion "1"]
[SourceVersionDate "2023.08.08"]
[SourceQuality "1"]

1. Nf3 d5 2. g3 Nf6 3. Bg2 c6 4. d3 Bg4 5. Nbd2 Nbd7 6. O-O e6 7. e4 Be7 8. b3
O-O 9. Bb2 dxe4 10. dxe4 Qc7 11. Qe1 Rad8 12. Nc4 Bh5 13. Nfe5 b5 14. Nxd7 Nxd7
15. Ne3 Bc5 16. a4 f6 17. Kh1 a6 18. f4 Qb6 19. Bf3 Bxf3+ 20. Rxf3 Rfe8 21. Bc3
Qb7 22. Qe2 Nb6 23. Ng4 Bd4 24. Bxd4 Rxd4 25. Rd3 Red8 26. Nf2 Rxd3 27. Nxd3
Nd7 28. Rd1 Rb8 29. Nb2 c5 30. Kg1 Nf8 31. e5 f5 32. Rd6 Re8 33. Qg2 Qa7 34. c4
Rb8 35. Qf3 Rb6 36. Qd3 Rb7 37. Rd8 Qb6 38. Qd6 Qxd6 39. exd6 bxa4 40. Nxa4
Rxb3 41. Nxc5 Rb1+ 42. Kf2 {source: bulletin} 1-0

[Event "Oakham Young Masters"]
[Site "Oakham"]
[Date "1984.04.17"]
[Round "9.6"]
[White "Levitt, Jonathan P"]
[Black "Cramling, Pia"]
[Result "1/2-1/2"]
[WhiteElo "2345"]
[BlackElo "2405"]
[PlyCount "39"]
[EventDate "1984.04.08"]
[EventType "swiss"]
[EventRounds "9"]
[EventCountry "ENG"]
[SourceTitle "BritBase"]
[Source "John Saunders"]
[SourceDate "2023.08.08"]
[SourceVersion "1"]
[SourceVersionDate "2023.08.08"]
[SourceQuality "1"]

1. d4 Nf6 2. Nf3 e6 3. c4 c5 4. d5 exd5 5. cxd5 d6 6. Nc3 g6 7. e4 Bg7 8. Bg5
h6 9. Bh4 a6 10. Nd2 b5 11. Qc2 g5 12. Bg3 Nh5 13. Be2 Nf4 14. Bxf4 gxf4 15. a4
b4 16. Ncb1 Nd7 17. Nc4 Ne5 18. Nbd2 Nxc4 19. Nxc4 Bd4 20. Rd1 {source:
bulletin} 1/2-1/2

[Event "Oakham Young Masters"]
[Site "Oakham"]
[Date "1984.04.17"]
[Round "9.8"]
[White "Hawksworth, John C"]
[Black "Wells, Peter K"]
[Result "0-1"]
[WhiteElo "2355"]
[BlackElo "2320"]
[PlyCount "50"]
[EventDate "1984.04.08"]
[EventType "swiss"]
[EventRounds "9"]
[EventCountry "ENG"]
[SourceTitle "BritBase"]
[Source "John Saunders"]
[SourceDate "2023.08.08"]
[SourceVersion "1"]
[SourceVersionDate "2023.08.08"]
[SourceQuality "1"]

1. d4 Nf6 2. c4 e6 3. Nf3 b6 4. g3 Ba6 5. b3 b5 6. Bg2 bxc4 7. Ne5 Bb4+ 8. Kf1
d5 9. bxc4 O-O 10. cxd5 Nxd5 11. Qb3 c5 12. a3 Ba5 13. dxc5 Bc7 14. Nd3 Nc6 15.
Bb2 Rb8 16. Qc2 Bxd3 17. exd3 Rxb2 18. Qxb2 Be5 19. Qb5 Qd7 20. d4 Bxd4 21. Ra2
Rb8 22. Qd3 Ne5 23. Qd1 Qb5+ 24. Ke1 Nd3+ 25. Kd2 Nxf2 {source: bulletin} 0-1

[Event "Oakham Young Masters"]
[Site "Oakham"]
[Date "1984.04.17"]
[Round "9.9"]
[White "Klinger, Josef"]
[Black "Gudmundsson, Elvar"]
[Result "1-0"]
[WhiteElo "2310"]
[BlackElo "2330"]
[PlyCount "57"]
[EventDate "1984.04.08"]
[EventType "swiss"]
[EventRounds "9"]
[EventCountry "ENG"]
[SourceTitle "BritBase"]
[Source "John Saunders"]
[SourceDate "2023.08.08"]
[SourceVersion "1"]
[SourceVersionDate "2023.08.08"]
[SourceQuality "1"]

1. e4 c5 2. Nf3 e6 3. d4 cxd4 4. Nxd4 Nc6 5. Nc3 Qc7 6. Be3 a6 7. Bd3 Nf6 8.
O-O d5 9. exd5 exd5 10. Re1 Be7 11. Bg5 Bg4 12. Nxd5 Qd7 13. Nxc6 bxc6 14. Nb6
Qb7 15. Bxf6 Bxd1 16. Rxe7+ Qxe7 17. Bxe7 Rb8 18. Bc5 Bg4 19. Re1+ Kd8 20. Bxa6
Be6 21. a4 Kc7 22. a5 Rbd8 23. Bd3 Rhe8 24. h3 Bd5 25. Rxe8 Rxe8 26. a6 Re1+
27. Kh2 Ra1 28. a7 Rxa7 29. Nxd5+ {source: bulletin} 1-0

[Event "Oakham Young Masters"]
[Site "Oakham"]
[Date "1984.04.17"]
[Round "9.13"]
[White "Staniszewski, Piotr"]
[Black "Grivas, Efstratios"]
[Result "1-0"]
[WhiteElo "2405"]
[BlackElo "2375"]
[PlyCount "79"]
[EventDate "1984.04.08"]
[EventType "swiss"]
[EventRounds "9"]
[EventCountry "ENG"]
[SourceTitle "BritBase"]
[Source "John Saunders"]
[SourceDate "2023.08.08"]
[SourceVersion "1"]
[SourceVersionDate "2023.08.08"]
[SourceQuality "1"]

1. Nf3 Nf6 2. c4 g6 3. g3 Bg7 4. Bg2 O-O 5. O-O d6 6. Nc3 e5 7. d4 Nbd7 8. e4
c6 9. h3 Qb6 10. Re1 exd4 11. Nxd4 Re8 12. Na4 Qa6 13. b3 Nc5 14. Nc3 Qb6 15.
Be3 Nfd7 16. Qc2 a5 17. Rab1 Qc7 18. a3 Ne5 19. f4 Ned7 20. Bf2 Nb6 21. Rbd1
Bf8 22. b4 axb4 23. axb4 Ne6 24. Nce2 Nxd4 25. Nxd4 Bd7 26. Qb3 Bg7 27. Rb1 Na4
28. Rec1 c5 29. Nb5 Qb6 30. bxc5 Nxc5 31. Qd1 Bxb5 32. Rxb5 Qd8 33. e5 Rb8 34.
exd6 b6 35. Rcb1 Ne4 36. d7 Re7 37. Bxe4 Rxe4 38. Rxb6 Ra8 39. Rb8 Rxb8 40.
Rxb8 {source: bulletin} 1-0

[Event "Oakham Young Masters"]
[Site "Oakham"]
[Date "1984.04.17"]
[Round "9.14"]
[White "Luce, Sebastien"]
[Black "Condie, Mark L"]
[Result "0-1"]
[WhiteElo "2330"]
[BlackElo "2340"]
[PlyCount "58"]
[EventDate "1984.04.08"]
[EventType "swiss"]
[EventRounds "9"]
[EventCountry "ENG"]
[SourceTitle "BritBase"]
[Source "John Saunders"]
[SourceDate "2023.08.08"]
[SourceVersion "1"]
[SourceVersionDate "2023.08.08"]
[SourceQuality "1"]

1. c4 e6 2. Nc3 d5 3. d4 Nf6 4. Nf3 Bb4 5. Qa4+ Nc6 6. Bg5 h6 7. Bxf6 Qxf6 8.
e3 O-O 9. a3 Bxc3+ 10. bxc3 Qg6 11. Rc1 dxc4 12. Qxc4 e5 13. g3 Qe4 14. Bg2 Bh3
15. Qf1 Bxg2 16. Qxg2 exd4 17. cxd4 Nxd4 18. Nh4 Qd3 19. Qf1 Nc2+ 20. Rxc2 Qxc2
21. Qe2 Qc1+ 22. Qd1 Qc3+ 23. Qd2 Qxa3 24. O-O Qd6 25. Qb2 a5 26. Nf5 Qf6 27.
Qxf6 gxf6 28. Nxh6+ Kh7 29. Nf5 a4 {source: bulletin} 0-1

[Event "Oakham Young Masters"]
[Site "Oakham"]
[Date "1984.04.17"]
[Round "9.15"]
[White "Ebeling, Mika"]
[Black "Thomson, Craig SM"]
[Result "1/2-1/2"]
[WhiteElo "2295"]
[BlackElo "2215"]
[PlyCount "87"]
[EventDate "1984.04.08"]
[EventType "swiss"]
[EventRounds "9"]
[EventCountry "ENG"]
[SourceTitle "BritBase"]
[Source "John Saunders"]
[SourceDate "2023.08.08"]
[SourceVersion "1"]
[SourceVersionDate "2023.08.08"]
[SourceQuality "1"]

1. e4 e6 2. d4 d5 3. Nc3 Bb4 4. e5 c5 5. a3 Bxc3+ 6. bxc3 Ne7 7. a4 Nbc6 8. Nf3
Qa5 9. Bd2 Bd7 10. h4 O-O-O 11. h5 h6 12. Rh4 c4 13. Rf4 Rdf8 14. Nh4 Nd8 15.
Qc1 Be8 16. Qa3 Qc7 17. Rg4 Rfg8 18. Be2 g5 19. hxg6 fxg6 20. f4 g5 21. fxg5
Bh5 22. Rg3 Bxe2 23. Kxe2 hxg5 24. Bxg5 Nf7 25. Bf4 Rxg3 26. Bxg3 Ng5 27. Rf1
Qd8 28. Kd1 Ne4 29. Be1 Qe8 30. Kc1 Nc6 31. Kb2 a6 32. Rf3 Kb8 33. g3 Qg8 34.
Rf4 Nxg3 35. Bxg3 Qxg3 36. Rf8+ Rxf8 37. Qxf8+ Ka7 38. Qf6 Qe1 39. Nf3 Qd1 40.
Qf8 Qf1 41. Qc5+ Ka8 42. Qf8+ Ka7 43. Qf6 Qd1 44. Qf8 {source: bulletin}
1/2-1/2

[Event "Oakham Young Masters"]
[Site "Oakham"]
[Date "1984.04.17"]
[Round "9.17"]
[White "Bradbury, Neil H"]
[Black "Conquest, Stuart C"]
[Result "1-0"]
[WhiteElo "2395"]
[BlackElo "2260"]
[PlyCount "53"]
[EventDate "1984.04.08"]
[EventType "swiss"]
[EventRounds "9"]
[EventCountry "ENG"]
[SourceTitle "BritBase"]
[Source "John Saunders"]
[SourceDate "2023.08.08"]
[SourceVersion "1"]
[SourceVersionDate "2023.08.08"]
[SourceQuality "1"]

1. d4 Nf6 2. Nf3 c5 3. d5 g6 4. Nc3 d6 5. e4 Bg4 6. Be2 Bxf3 7. Bxf3 Na6 8. O-O
Bg7 9. Bf4 Nd7 10. Qd2 O-O 11. Be2 Rb8 12. Bh6 Bxh6 13. Qxh6 Qa5 14. f4 c4 15.
Rad1 Qb6+ 16. Kh1 Qxb2 17. Rf3 Rfd8 18. Rh3 Nf8 19. f5 Nc5 20. fxg6 fxg6 21.
Bg4 e6 22. dxe6 Re8 23. Rf1 Re7 24. Nd5 Rg7 25. Rhf3 Nfxe6 26. Nf6+ Kh8 27.
Nxh7 {source: bulletin} 1-0

[Event "Oakham Young Masters"]
[Site "Oakham"]
[Date "1984.04.17"]
[Round "9.18"]
[White "Lalic, Susan Kathryn"]
[Black "Howell, James C"]
[Result "1/2-1/2"]
[WhiteElo "1900"]
[BlackElo "2320"]
[PlyCount "74"]
[EventDate "1984.04.08"]
[EventType "swiss"]
[EventRounds "9"]
[EventCountry "ENG"]
[SourceTitle "BritBase"]
[Source "John Saunders"]
[SourceDate "2023.08.08"]
[SourceVersion "1"]
[SourceVersionDate "2023.08.08"]
[SourceQuality "1"]

1. e4 c5 2. c3 Nf6 3. e5 Nd5 4. d4 cxd4 5. cxd4 d6 6. Nf3 Nc6 7. Bc4 e6 8. O-O
Be7 9. Qe2 O-O 10. Nc3 Nxc3 11. bxc3 dxe5 12. dxe5 b6 13. Rd1 Qc7 14. h4 Bb7
15. Bg5 Bxg5 16. hxg5 Ne7 17. Rd4 Ng6 18. Rad1 Rad8 19. Rd6 Nxe5 20. Qxe5 Rxd6
21. Qxd6 Qxc4 22. Qe7 Bd5 23. Qxa7 b5 24. Ne5 Qe4 25. Nf3 Qc2 26. Qd4 Qxa2 27.
Ne5 Qe2 28. f3 Ra8 29. Rd2 Qe1+ 30. Kh2 Ra1 31. Qf4 Qg1+ 32. Kg3 Qa7 33. Nc6
Qb7 34. Qd6 Ra8 35. Ne7+ Kh8 36. Nxd5 exd5 37. Rxd5 Re8 {source: bulletin}
1/2-1/2

[Event "Oakham Young Masters"]
[Site "Oakham"]
[Date "1984.04.17"]
[Round "9.19"]
[White "Ardaman, Miles"]
[Black "Wong, Meng Kong"]
[Result "1-0"]
[WhiteElo "2240"]
[BlackElo "2365"]
[PlyCount "55"]
[EventDate "1984.04.08"]
[EventType "swiss"]
[EventRounds "9"]
[EventCountry "ENG"]
[SourceTitle "BritBase"]
[Source "John Saunders"]
[SourceDate "2023.08.08"]
[SourceVersion "1"]
[SourceVersionDate "2023.08.08"]
[SourceQuality "1"]

1. g3 e5 2. Bg2 Nc6 3. d3 d5 4. Nc3 Be6 5. Nf3 Be7 6. O-O h5 7. e4 d4 8. Nd5
Bxd5 9. exd5 Qxd5 10. Re1 Qc5 11. a3 Bf6 12. b4 Qb5 13. Bd2 Qa4 14. Nxe5 Bxe5
15. Bxc6+ Qxc6 16. Rxe5+ Kd7 17. Bf4 Ne7 18. Rc5 Qe6 19. Rxc7+ Kd8 20. Qd2 Ng6
21. Re1 Qd5 22. Rc5 Qf3 23. Re4 h4 24. Rxd4+ Ke7 25. Bd6+ Ke6 26. Qe1+ Kf6 27.
Be7+ Nxe7 28. Rd6# {source: bulletin} 1-0

[Event "Oakham Young Masters"]
[Site "Oakham"]
[Date "1984.04.17"]
[Round "9.20"]
[White "Hofmann, Michael"]
[Black "Needham, Teresa M"]
[Result "1-0"]
[WhiteElo "2230"]
[BlackElo "2100"]
[PlyCount "83"]
[EventDate "1984.04.08"]
[EventType "swiss"]
[EventRounds "9"]
[EventCountry "ENG"]
[SourceTitle "BritBase"]
[Source "John Saunders"]
[SourceDate "2023.08.08"]
[SourceVersion "1"]
[SourceVersionDate "2023.08.08"]
[SourceQuality "1"]

1. e4 d6 2. d4 Nd7 3. Nf3 c6 4. Bc4 e5 5. dxe5 dxe5 6. O-O Be7 7. Ng5 Bxg5 8.
Qh5 g6 9. Qxg5 Qxg5 10. Bxg5 Nc5 11. Nd2 Ne6 12. Be3 Nf6 13. f3 Ke7 14. c3 Bd7
15. a4 b6 16. Rfd1 Ne8 17. Bf1 Nd6 18. Nc4 Nxc4 19. Bxc4 Rhd8 20. a5 b5 21. Ba2
a6 22. Bb6 Re8 23. Rd2 Rab8 24. Rad1 Rb7 25. Rd6 Rc8 26. b4 f6 27. Kf2 f5 28.
exf5 gxf5 29. g3 h5 30. h4 f4 31. gxf4 exf4 32. Rxe6+ Bxe6 33. Re1 Rd7 34.
Rxe6+ Kf8 35. Bc5+ Kg7 36. Bd4+ Kh7 37. Bb1+ Kg8 38. Rg6+ Kf8 39. Ba2 Rdd8 40.
Be6 Rxd4 41. cxd4 Rc7 42. Rg8+ {source: bulletin} 1-0